000 00455nam a2200181Ia 4500
005 20250423101435.0
008 250422s9999 xx 000 0 und d
020 _a9780435909970
050 _aPR 9387.9 .E387 S54/
100 _aEmecheta, Buchi
245 4 _aThe slave girl
260 _aEngland
260 _bHeinemann
260 _c1988
300 _a184 p
650 _aWomen slaves--Fiction. Slavery--Fiction. Nigeria--Fiction.
942 _cBK
999 _c36311
_d36311